[Event "IECG CP.2005.P.00067"]
[Site "IECG email"]
[Date "2005.10.01"]
[Round "?"]
[White "Kasperczyk, Krzysztof"]
[Black "Bendig, Frank"]
[Result "0-1"]
[WhiteElo "800"]
[BlackElo "2345"]
[PlyCount "90"]
[EventDate "2005.10.01"]
[EventType "tourn (corr)"]
[EventRounds "6"]
[SourceTitle "Corr 2008"]
[Source "ChessBase"]
[SourceDate "2008.06.24"]
[SourceVersion "1"]
[SourceVersionDate "2008.06.24"]
[SourceQuality "1"]

1. e4 c5 2. Nf3 Nc6 3. d4 cxd4 4. Nxd4 Nf6 5. Nc3 e5 6. Ndb5 d6 7. Bg5 a6 8. Na3 b5 9. Nd5 Be7 10. Bxf6 Bxf6 11. c3 Bg5 12. h4 Bh6 13. g4 Bf4 14. Nc2 Be6 15. a4 bxa4 16. Rxa4 0-0 17. Bxa6 Bxd5 18. exd5 Qb6 19. dxc6 Qxc6 20. 0-0 Qxa4 21. Be2 Qb3 22. Nb4 Qxb2 23. Nd5 Bd2 24. Bd3 Bxc3 25. g5 Kh8 26. Qf3 Bd4 27. Qf5 e4 28. Qxe4 g6 29. Qf4 Be5 30. Qf3 Ra4 31. Be4 f6 32. gxf6 Qd4 33. Re1 Bxf6 34. h5 Bg7 35. Qe2 gxh5 36. Kg2 Qa7 37. Qd2 Be5 38. Kf1 Ra2 39. Bc2 Qa6+ 40. Re2 Ra1+ 41. Bd1 Qc4 42. Ne3 Qh4 43. Ke1 Qh1+ 44. Nf1 Qf3 45. Ne3 Rc8 0-1